000 01363nam2a22002651 4500
001 rc\1087856
005 20250612173431.0
035 _a(NLR Aleph) 008755932
090 _a7836065
_c7836065
100 _a20041126d1984 |||y0rusy50 ca
101 0 _arus
102 _aRU
105 _ay |||||||||
200 0 _a... за 1981 - март 1984 гг.
_f[Сост. Бодыль Р.В., Короткина Н.Ф
_gНауч. ред. Попович Р.С]
210 _d1984
_aБ. м.
215 _a38 с.
461 0 _1001rc\1087855
_12001#$aМастерство пропагандиста$eБиблиогр. указ. лит. ...$fПравительств. б-ка БССР им. А.М. Горького. Справ.-библиогр. отд.$v... за 1981 - март 1984 гг.
_95047081
_cМинск
_d1984
_fПравительств. б-ка БССР им. А.М. Горького. Справ.-библиогр. отд.
_nБ. и.
_oБиблиогр. указ. лит. ...
_tМастерство пропагандиста
_v... за 1981 - март 1984 гг.
702 1 _aБодыль
_bР. В.
_gРаиса Васильевна
_4220
702 1 _aПопович
_bР. С.
_gРоза Семеновна
_4340
801 0 _aRU
_bNLR
_gpsbo
801 1 _aRU
_bELAR
_2rusmarc
801 2 _aRU
_bNLR
_c20050621
_2rusmarc
852 _aNLR
_bС
_jК-1/2939
942 _cBOOK
980 _aNB